01305 a2200217 45000010006000000050017000060080041000230030015000640400040000790800134001192450120002530200018003732640041003913000026004325050539004580410008009971000022010057000020010277000020010477000020010675943020260407155848.0260407a1987 arg spa dAR-UNSa-BCEJYS aAR-UNSa-BCEJYSbspacAR-UNSa-BCEJYS a338.2(82)xPolítica económica. Control de la economía. Gestión de la economía. Planificación económica en Argentina10aPolíticas estatales y desarrollo regionalpLa experiencia del gobierno militar en la región del NEA (1976-1981) a950-9370-08-8 1aBuenos Aires :bEdiciones CEURc1987 axviii, 267 p.c22 cm. a1. Introducción - 2. Política económica nacional y de las provincias entre 1976 y 1981 - 3. Formación histórica regional hasta 1970 - 4. Situación general durante el periodo 1976 - 1982 - 5. Los circuitos de producción-acumulación más relevantes y su comportamiento en 1976-1982 - 6. Aspectos relevantes de la estructura social. Principales formas organizativas en el sector agropecuario - 7. Principales consecuencias de la política monetarista liberal sobre las estructuras sociales y económicas provinciales - aspa1 aRofman, Alejandro1 aQuintar, Aída1 aMarqués, Nora1 aManzanal, Mabel